|
|
|
|
| LEADER |
01348nam a2200325 a 4500 |
| 001 |
16394 |
| 003 |
BD-DhAAL |
| 008 |
100517s2006 ctua b 001 0 eng d |
| 999 |
|
|
|c 8626
|d 8626
|
| 010 |
|
|
|a 2003263029
|
| 020 |
|
|
|a 9780071253017
|
| 040 |
|
|
|a UKM
|c UKM
|d BAKER
|d MUQ
|d VAM
|d COU
|d YDXCP
|d OCLCQ
|d JVD
|d OCLCQ
|d VJA
|d DB-DhAAL
|
| 082 |
1 |
0 |
|a 612
|2 22
|
| 245 |
0 |
0 |
|a Harper's illustrated biochemistry /
|c Robert K. Murray, Daryl K. Granner, Victor W. Rodwell
|
| 250 |
|
|
|a 27th ed.
|
| 260 |
|
|
|a New York :
|b Lange Medical Books/McGraw-Hill,
|c c2006
|
| 300 |
|
|
|a x, 692 :
|b ill. ;
|c 24 cm.
|
| 504 |
|
|
|a Includes bibliographical references and index.
|
| 541 |
1 |
|
|e 00016394
|
| 650 |
|
0 |
|a Biochemistry
|9 43986
|
| 650 |
|
0 |
|a Clinical biochemistry.
|9 43987
|
| 650 |
|
0 |
|a Molecular Biology.
|9 43988
|
| 650 |
|
0 |
|a Pharmacy.
|9 43989
|
| 700 |
1 |
|
|a Murray, Robert K.
|9 43990
|
| 700 |
1 |
|
|a Granner, Daryl K.
|9 43991
|
| 700 |
1 |
|
|a Rodwell, Victor W
|9 43992
|
| 852 |
4 |
|
|a Ayesha Abed Library
|j General Shelf.
|
| 942 |
|
|
|2 ddc
|c BK
|
| 952 |
|
|
|0 0
|1 0
|2 ddc
|4 0
|6 612_HAR_200600000000000
|7 0
|9 10293
|a BRACUL
|b BRACUL
|c GEN
|d 2010-05-18
|l 12
|m 85
|o 612 HAR
|p 3010016394
|r 2025-12-01
|s 2025-10-23
|t 1
|w 2010-05-18
|y BK
|
| 952 |
|
|
|0 0
|1 0
|2 ddc
|4 0
|6 612_HAR_200600000000000
|7 0
|9 10294
|a BRACUL
|b BRACUL
|c GEN
|d 2010-05-18
|l 10
|m 47
|o 612 HAR
|p 3010016395
|r 2024-10-29
|s 2024-10-22
|t 2
|w 2010-05-18
|y BK
|